| 000 | 00446nam a22001697a 4500 | ||
|---|---|---|---|
| 999 |
_c23730 _d23730 |
||
| 003 | BDDh-ASL | ||
| 005 | 20231015030259.0 | ||
| 008 | 210403s1971 bg ||||| |||| 00| 0 eng d | ||
| 040 |
_aBDDh-ASL _cBDDh-ASL |
||
| 082 |
_a922 _bSYS |
||
| 100 | 1 |
_93604 _aMurtaza Ali, Syed |
|
| 245 | 1 | 0 | _aSaints of Bangladesh / |
| 260 |
_aDacca: _bOxford University Press, _c1971. |
||
| 300 |
_a61 p. : _c22 cm. |
||
| 650 | 0 |
_91339 _aBiography |
|
| 942 |
_2ddc _cBK |
||